| 000 | 00598nam a22001937a 4500 | ||
|---|---|---|---|
| 008 | 131126b xxu||||| |||| 00| 0 ger d | ||
| 020 | _a9783708305370 | ||
| 041 | 0 | _ager | |
| 080 | _a343.7 | ||
| 100 | 1 | _aSchlembach, Christopher | |
| 245 | 1 | 0 |
_aDer blick des einbrechers : _cChristopher Schlembach |
| 260 |
_aWien : _bNWV verlag ; _c2008. |
||
| 300 |
_a206 f. : _c22 cm. |
||
| 500 | _aVorwort des KfV : f. 3 | ||
| 500 | _aVorwort des autors : f. 7-8 | ||
| 505 | _aLiteratur : f. 193-198 | ||
| 650 | 0 | _aE drejta penale | |
| 942 |
_2udc _cBK |
||
| 999 |
_c358 _d358 |
||